000 01589cam a22002054a 4500
005 20250605163946.0
008 250528s ||||||||||||||||||||||||d
035 _a15219
020 _a412588404
040 _aGR-AtMCL
_bgre
_dGR-AtMCL
_eAACR2
245 1 _aInvestment Appraisal and Financial Decisions / Fifth Edition
250 _a5th
260 _bChapman & Hall,
_c1994
300 _a672
520 _aThis book provides a thorough grounding in the techniques and concepts of financial decision making. Preface, Financial Objectives and Corporate Governance, Strategic Planning and the Finance Function, Traditional Methods of Investment Appraisal, The Single-Period Investment Consumption Decision Model, The Discounted Cash Flow Approach, Net Present Value and Internal Rate of Return, Project Appraisal Cash Flows, Capital Market Imperfections, Traditional Approaches to Risk, Risk and Expected Return, Portfolio Theory, The Capital Asset Pricing Model, The Valuation of Options, Interest Rate Risk Management, Market Efficiency and the Term Structure of Interest Rates, The Cost of Company Capital, The Weighted Average Cost of Capital, The Capital Structure Decision in a No-Tax World, Capital Structure in a World with Tax, The Capital Structure Decision in Practice, Investment and Financing Decision Interactions, The Dividend Decision, Foreign Exchange Markets and Rates, Foreign Exchange Risk Management, Overseas Capital Investments, Tables, Answers to Quickie Questions, Index.
700 1 _aLumby Steve
_91106
942 _cBK
999 _c813
_d813